Normal view
MARC view
- Tony J. Beugelsdijk
Entry Personal Name
001 - CONTROL NUMBER
- control field: 127621
003 - CONTROL NUMBER IDENTIFIER
- control field: NUST
005 - DATE AND TIME OF LATEST TRANSACTION
- control field: 20250116110149.0
008 - FIXED-LENGTH DATA ELEMENTS
- fixed length control field: 250116|| aca||aabn | a|a d
040 ## - CATALOGING SOURCE
- Original cataloging agency: NUST
- Transcribing agency: NUST
100 ## - HEADING--PERSONAL NAME
- Personal name: Tony J. Beugelsdijk
670 ## - SOURCE DATA FOUND
- Source citation: Work cat.: (NUST): Tony J. Beugelsdijk, Automation Technologies for Genome Characterization, 1997.
